000 00582nam a2200229Ia 4500
003 OSt
005 20221005132810.0
006 a|||||r|||| 00| 0
007 ta
008 221004b |||||||| |||| 00| 0 tam d
024 _a47016
037 _cTextual
040 _aCRL
_cCRL
_btam
041 _2tam
_atam
082 _aLB, 31G6
100 _aThirumoolanayanar Au.
_9640937
245 0 _aVaidhya kavyam 1000 - padal
260 _c1936
650 _aNATUROPATHY
_9588047
942 _hLB, 31G6
_cTEXL
_2cc
999 _c1064846
_d1064846